Statistics for Best Sydney Schools

Click here to take the quiz!

General Stats

  • This quiz has been taken 142 times
  • The average score is 11 of 50

Answer Stats

RankAnswer% Correct
1James Ruse Agricultural High School
74%
5Sydney Boys High School
67%
4Sydney Girls High School
65%
3North Sydney Boys High School
59%
2North Sydney Girls High School
56%
25Knox Grammar School
50%
34The Kings' School
47%
13Fort Street High School
39%
6Baulkham Hills High School
34%
22Pymble Ladies' College
32%
9Sydney Grammar School
30%
24SCEGGS Darlinghurst
29%
44Cranbrook School
28%
46Trinity Grammar School
28%
37Barker College
26%
45SHORE - Sydney Church of England Grammar School
26%
18Sydney Technical High School
26%
28Presbyterian Ladies' College
25%
26Kambala
20%
7Hornsby Girls High School
19%
8Normanhurst Boys High School
19%
20Abbotsleigh
18%
41Ascham School
18%
36Chatswood High School
18%
11Girraween High School
18%
47MLC School
18%
19St Aloysius' College
17%
15St George Girls High School
16%
32Reddam House
15%
14Penrith High School
12%
23Tara Anglican School for Girls
12%
40Ravenswood School for Girls
11%
12Hurlstone Agricultural High School
10%
33Parramatta High School
10%
16Caringbah High School
9%
17Conservatorium High School
9%
35Redlands
8%
38Sefton High School
8%
42Roseville College
7%
48Wenona School
7%
43Cheltenham Girls High School
6%
10Northern Beaches Secondary College Manly Campus
5%
50St Catherine's School
5%
21Meriden School
4%
29Arden Anglican School
2%
30Al Noori Muslim School
1%
31Redeemer Baptist School
1%
39German International School Sydney
0%
27Queenswood School for Girls
0%
49The International French School of Sydney
0%

Score Distribution

Percentile by Number Answered

Percent of People with Each Score

Your Score History

You have not taken this quiz